000 00572nam a2200133Ia 4500
008 160809s9999 xx 000 0 und d
100 _aNonis, Karen P.
245 _aTHE GROSS MOTOR SKILLS OF CHILDREN WITH MILD LEARNING DISABILITIES
245 _cKaren P. Nonis Tan Sing Yee Jernice National Institute of Education, National Technological University.
260 _bInternational Journal of Special Education
260 _c2014
650 _xSPECIAL EDUCATION
856 _uhttp://www.internationaljournalofspecialed.com/issues/IJSE%20ENTIRE%20ISSUE%202014%2029%2021.pdf
999 _c300308
_d300308